Merksatz: Planeten - Statistiken

Allgemein
  • Dieses Quiz wurde 110 mal gespielt
  • Das Durchschnittsergebnis liegt bei 7 aus 8
Antwortstatistiken
Antwort % Korrekt
Mein
99%
Vater
97%
Jeden
94%
Mir
94%
Erklärt
93%
Samstag/Sonntag
87%
Unseren
64%
Nachthimmel
61%
Keine übereinstimmenden Quizze gefunden
Verteilung der Resultate
Anzahl Personen mit jedem Resultat
Perzentil nach korrekt beantworteten Fragen
Ihre Resultats-Entwicklung
Sie haben dieses Quiz noch nicht gespielt